000 00684nam a2200205 4500
003 OSt
005 20240719075729.0
006 a
008 240719b |||||||| |||| 00| 0 eng d
020 _a9780071283618
040 _aDWCL-Main lib.
_cOC
082 _aCirc. 371.9 T245e 2009
100 _aTaylor, Ronald L.
245 _aExceptional students: preparing teachers for the 21st century /
260 _aBoston :
_bMcGraw-Hill Higher Education,
_cc2009.
300 _axxiii
_b(various paging) : col. ill. ;
_c28 cm.
504 _aIncludes bibliographical references & index.
650 _a1. Special education teachers-In-service training.
942 _2ddc
_n0
_cBK-CIRC
_kCirc.
999 _c2455
_d2455